00480 2200181 4500001002100000005001500021008004100036020002000077035001900097041000700116082000800123090001400131100001900145245005400164260002900218300003800247650001300285INLIS00000000001085620241224114056241224||||||||| | ||| |||| || |  a979-794-051-1-9 0010-1224010856 aid0 a005 a005 AGU p0 aRachmat Agusli00aPanduan Praktis Koneksi Internet dengan Handphone aJakartabMediakitac2007 a19x11,5 cm, viii, 78 hlm.; ilus.: 0aInternet